000 00602nam a2200169Ia 4500
008 090201s9999 xx 000 0 und d
010 _aKPL-55532
040 _bमराठी
041 _aमराठी
082 _a40752
_b55532
100 _aविजय देवधर
245 _aसुपर ट्रेनवरील थरारक नाटय
_cविजय देवधर
260 _c2004
_bनिशिगंधा प्रकाशन
300 _a224
_bमोठा
600 _aसुपर ट्रेनवरील थरारक नाटय
942 _cBOOK
999 _c237985
_d237985